000 01532cam a22004214i 4500
003 PE-LiUPU
005 20250731172930.0
008 150623s r 000 0 d
035 _a(Sirsi) a20433
040 _aPE-LiUPU
_bspa
_cPE-LiUPU
_erda
082 0 4 _a286.732
_bD98
_221
100 1 _aDurand, Eugene F.,
_eautor.
245 1 0 _aYours in the blessed hope, Uriah Smith /
_cEugene F. Durand.
264 1 _aWashington, D. C. :
_bReview and Herald publishing association,
_c1980.
300 _a320 páginas :
_bilustraciones fotos ;
_c21 cm.
336 _atext
_2rdacontent
337 _aunmediated
_2rdamedia
338 _avolume
_2rdacarrier
504 _aBibliografía al final de cada capítulo.
505 0 _aFifty years at the office. -Four thousand editorials. -Ten talents. -Score of books, two score poems. -Four controversies. -Three score years and ten.
526 _aSEG42
526 _aSEG41
526 _aSEG40
526 _aSEG39
526 _aP94
526 _aP87
526 _aP86
526 _aP85
526 _aP77
526 _aP76
526 _aP35
610 2 _aIASD
_xPioneros.
942 _2ddc
_cBOOK
949 _a286.732 D98
_wDEWEY
_c1
_i43918
_lCCODEBUL1
_mBUL
_p00.00
_r0
_sY
_tBOOK
_u2015-06-24
_xTEOLOGIA
_PP35
_0COMPRA
_o.STAFF. Colección General
596 _a1
999 _a286.732 D98
_wDEWEY
_c20696
_i43918
_f2021-11-11
_g6
_lCCODEBUL1
_mBUL
_r0
_sY
_tBOOK
_u2015-6-24
_xTEOLOGIA
_PP35
_0COMPRA
_o.STAFF. Colección General
_d20696
980 _81
_gALBERTO SANCHEZ Responsable de Automatización